[Event "Lloyds Bank Masters 13th"]
[Site "London"]
[Date "1989.08.??"]
[Round "?"]
[White "Law, Andrew P"]
[Black "Carlier, Bruno"]
[Result "1-0"]
[WhiteElo "2325"]
[BlackElo "2390"]
[PlyCount "85"]
[EventDate "1989.08.19"]
[EventType "swiss"]
[EventRounds "10"]
[EventCountry "ENG"]
[SourceTitle "BritBase"]
[Source "John Saunders"]
[SourceDate "2020.09.07"]
[SourceVersion "1"]
[SourceVersionDate "2020.09.07"]
[SourceQuality "2"]

1. d4 f5 2. Nf3 Nf6 3. g3 e6 4. Bg2 Be7 5. O-O O-O 6. c4 c6 7. b3 a5 8. a3 d5
9. Nbd2 Nbd7 10. Bb2 Qe8 11. e3 Kh8 12. Ne5 Nxe5 13. dxe5 Nd7 14. Qc2 Bc5 15.
Bc3 Qe7 16. Qb2 Nb6 17. Bd4 dxc4 18. Nxc4 Nxc4 19. bxc4 Ra6 20. Rfd1 Kg8 21.
Bxc5 Qxc5 22. Qd4 Qxd4 23. exd4 Rb6 24. Rab1 Rxb1 25. Rxb1 Rd8 26. Rd1 b5 27.
Bxc6 bxc4 28. d5 Ba6 29. d6 Kf7 30. f4 Rc8 31. Ba4 Bb7 32. d7 Rd8 33. Rd6 Be4
34. Kf2 Ke7 35. Ke3 c3 36. Rd4 h6 37. Rc4 c2 38. Kd2 g5 39. Rc5 g4 40. Rc7 h5
41. Rc8 Rxd7+ 42. Bxd7 Kxd7 43. Rc5 1-0

[Event "Lloyds Bank Masters 13th"]
[Site "London"]
[Date "1989.08.??"]
[Round "?"]
[White "Martin, Andrew D"]
[Black "Findlay, Ian T"]
[Result "1-0"]
[WhiteElo "2425"]
[BlackElo "2340"]
[PlyCount "79"]
[EventDate "1989.08.19"]
[EventType "swiss"]
[EventRounds "10"]
[EventCountry "ENG"]
[SourceTitle "BritBase"]
[Source "John Saunders"]
[SourceDate "2020.09.07"]
[SourceVersion "1"]
[SourceVersionDate "2020.09.07"]
[SourceQuality "2"]

1. g3 d5 2. Bg2 Nf6 3. d3 e5 4. Nf3 Nc6 5. O-O Be7 6. c4 O-O 7. Na3 Re8 8. cxd5
Nxd5 9. Nc4 Bf6 10. a3 Be6 11. Bd2 Nb6 12. Nxb6 axb6 13. Bc3 Nd4 14. Nd2 Bg4
15. Re1 c6 16. a4 Qc7 17. Rb1 Rad8 18. b4 Be7 19. Rc1 f5 20. b5 c5 21. Nc4 Bg5
22. f3 Bh5 23. e3 e4 24. exd4 Bxc1 25. Qxc1 cxd4 26. Bb4 exd3 27. Nd2 Rxe1+ 28.
Qxe1 Re8 29. Qa1 Qe5 30. Nf1 f4 31. Qc1 Bf7 32. gxf4 Qd5 33. Nd2 Qa2 34. Ne4
Qxa4 35. Bd2 Qc2 36. Qa1 Bd5 37. Qe1 Bf7 38. f5 Qb2 39. Qg3 Rxe4 40. fxe4 1-0

[Event "Lloyds Bank Masters 13th"]
[Site "London"]
[Date "1989.08.??"]
[Round "?"]
[White "Martin, Andrew D"]
[Black "Holland, Christopher"]
[Result "0-1"]
[WhiteElo "2425"]
[BlackElo "2265"]
[PlyCount "64"]
[EventDate "1989.08.19"]
[EventType "swiss"]
[EventRounds "10"]
[EventCountry "ENG"]
[SourceTitle "BritBase"]
[Source "John Saunders"]
[SourceDate "2020.09.07"]
[SourceVersion "1"]
[SourceVersionDate "2020.09.07"]
[SourceQuality "2"]

1. d4 Nf6 2. Nf3 g6 3. c4 Bg7 4. Nc3 O-O 5. e4 d6 6. Be2 e5 7. O-O Nc6 8. d5
Ne7 9. b4 a5 10. bxa5 Rxa5 11. Bd2 Ra8 12. a4 Nd7 13. Ne1 f5 14. Nd3 fxe4 15.
Nxe4 Nf6 16. f3 c6 17. Ndf2 Nf5 18. Rb1 c5 19. Bd3 Nxe4 20. Bxe4 Bf6 21. Re1
Bg5 22. Bxf5 gxf5 23. f4 Bxf4 24. Bxf4 exf4 25. Qf3 Qh4 26. Rb3 Rxa4 27. Qe2
Qf6 28. g3 fxg3 29. Rxg3+ Kh8 30. Qe7 Qxe7 31. Rxe7 f4 32. Rgg7 Ra1+ 0-1

[Event "Lloyds Bank Masters 13th"]
[Site "London"]
[Date "1989.08.??"]
[Round "?"]
[White "McDonald, Neil R"]
[Black "Hasan, Younus"]
[Result "0-1"]
[WhiteElo "2360"]
[BlackElo "2215"]
[PlyCount "62"]
[EventDate "1989.08.19"]
[EventType "swiss"]
[EventRounds "10"]
[EventCountry "ENG"]
[SourceTitle "BritBase"]
[Source "John Saunders"]
[SourceDate "2020.09.07"]
[SourceVersion "1"]
[SourceVersionDate "2020.09.07"]
[SourceQuality "2"]

1. e4 c5 2. Nf3 e6 3. d4 cxd4 4. Nxd4 a6 5. Nc3 Qc7 6. Be2 b5 7. O-O Bb7 8. f4
b4 9. Na4 Bxe4 10. f5 e5 11. Bf3 d5 12. Bxe4 dxe4 13. Ne6 fxe6 14. fxe6 Nf6 15.
Rxf6 gxf6 16. Qh5+ Kd8 17. Be3 Kc8 18. Rd1 Be7 19. Qf7 Rd8 20. Rf1 Nc6 21. Bb6
Qb7 22. Bxd8 Nxd8 23. Qe8 e3 24. Re1 Ra7 25. b3 Qc6 26. Qh8 Qxc2 27. Rf1 e2 28.
Re1 Bc5+ 29. Nxc5 Qxc5+ 30. Kh1 Qf2 31. Rc1+ Rc7 0-1

[Event "Lloyds Bank Masters 13th"]
[Site "London"]
[Date "1989.08.??"]
[Round "?"]
[White "Morris, Philip"]
[Black "Ravikumar, Vaidyanathan"]
[Result "1/2-1/2"]
[WhiteElo "2345"]
[BlackElo "2325"]
[PlyCount "80"]
[EventDate "1989.08.19"]
[EventType "swiss"]
[EventRounds "10"]
[EventCountry "ENG"]
[SourceTitle "BritBase"]
[Source "John Saunders"]
[SourceDate "2020.09.07"]
[SourceVersion "1"]
[SourceVersionDate "2020.09.07"]
[SourceQuality "2"]

1. e4 c5 2. Nf3 Nc6 3. d4 cxd4 4. Nxd4 Nf6 5. Nc3 d6 6. Bg5 Qb6 7. Nb3 e6 8.
Qd2 a6 9. O-O-O Qc7 10. Bxf6 gxf6 11. f4 Bd7 12. g3 O-O-O 13. Kb1 Kb8 14. Bh3
h5 15. Ne2 Bc8 16. Qc3 Qe7 17. Bg2 Bg7 18. Ned4 Nxd4 19. Qxd4 h4 20. Qb4 Qc7
21. Rd3 hxg3 22. Rxg3 Bf8 23. Rc3 Qd7 24. Qb6 Rh5 25. f5 Re8 26. Na5 Ka8 27.
Bf1 Re7 28. Rg1 Rxh2 29. Bd3 exf5 30. exf5 Bh6 31. Rxc8+ Qxc8 32. Qxd6 Rg2 33.
Rh1 Rd7 34. Qb4 Rxd3 35. cxd3 Bd2 36. Qe4 Rf2 37. Nc4 Qd8 38. Rd1 Bg5 39. a3
Ka7 40. d4 Qd7 1/2-1/2

[Event "Lloyds Bank Masters 13th"]
[Site "London"]
[Date "1989.08.26"]
[Round "8"]
[White "O'Neill, Paul Sean"]
[Black "Kwiatkowski, Feliks Jerzy"]
[Result "1-0"]
[WhiteElo "2320"]
[BlackElo "2265"]
[PlyCount "61"]
[EventDate "1989.08.19"]
[EventType "swiss"]
[EventRounds "10"]
[EventCountry "ENG"]
[SourceTitle "BritBase"]
[Source "John Saunders"]
[SourceDate "2020.09.07"]
[SourceVersion "1"]
[SourceVersionDate "2020.09.07"]
[SourceQuality "2"]

1. e4 c5 2. Nf3 Nc6 3. d4 cxd4 4. Nxd4 Nf6 5. Nc3 e5 6. Ndb5 d6 7. Bg5 a6 8.
Bxf6 gxf6 9. Na3 b5 10. Nd5 f5 11. exf5 Bxf5 12. c3 Bg7 13. Qf3 Be6 14. Bd3 O-O
15. g4 Bxd5 16. Qxd5 Ne7 17. Qe4 f5 18. gxf5 d5 19. Qg2 e4 20. Be2 Kh8 21. Nc2
Nxf5 22. O-O-O Qd6 23. Kb1 Qe5 24. Rhg1 Bf6 25. Qh3 Rad8 26. f3 Bg7 27. Rg5 Qf4
28. Rh5 Ne3 29. Rxh7+ Kg8 30. Rg1 Nf5 31. Qh5 {n.b. ChessBase has a player
called Zbigniew Kwiecien (2320) playing Black in this game but no such person
is recorded as playing in the tournament. It was in fact Feliks J Kwiatkowski
as confirmed by Brian Denman, 26 July 2021.} 1-0

[Event "Lloyds Bank Masters 13th"]
[Site "London"]
[Date "1989.08.??"]
[Round "?"]
[White "Panchapagesan, Arjun"]
[Black "Vujatovic, Rajko"]
[Result "0-1"]
[WhiteElo "2320"]
[BlackElo "2400"]
[PlyCount "86"]
[EventDate "1989.08.19"]
[EventType "swiss"]
[EventRounds "10"]
[EventCountry "ENG"]
[SourceTitle "BritBase"]
[Source "John Saunders"]
[SourceDate "2020.09.07"]
[SourceVersion "1"]
[SourceVersionDate "2020.09.07"]
[SourceQuality "2"]

1. e4 e5 2. Nf3 Nc6 3. Bb5 f5 4. Nc3 Nd4 5. Bc4 c6 6. Nxe5 Qf6 7. Nf3 fxe4 8.
Nxe4 Nxf3+ 9. gxf3 Qg6 10. Qe2 d5 11. Ng3+ Kd8 12. Bd3 Qf6 13. Rb1 Bh3 14. b3
Bc5 15. Bb2 Qf7 16. Rg1 Nf6 17. Be5 Nd7 18. f4 Nxe5 19. fxe5 Rf8 20. Nh1 g6 21.
Rg3 Bd7 22. c3 Kc7 23. b4 Be7 24. e6 Bxe6 25. Re3 Kd7 26. b5 c5 27. b6 a6 28.
Bc2 Bg5 29. Ba4+ Kd6 30. Re5 Bxd2+ 31. Kxd2 Qf4+ 32. Re3 d4 33. cxd4 cxd4 34.
Qd3 Ke7 35. Qa3+ Kf7 36. Ke2 dxe3 37. Rb4 Bc4+ 38. Ke1 exf2+ 39. Nxf2 Rae8+ 40.
Bxe8+ Rxe8+ 41. Kd1 Qxf2 42. Qc3 Qf1+ 43. Kc2 Re2+ 0-1

[Event "Lloyds Bank Masters 13th"]
[Site "London"]
[Date "1989.08.??"]
[Round "?"]
[White "Parker, Jonathan"]
[Black "Martin, Andrew D"]
[Result "1-0"]
[WhiteElo "2320"]
[BlackElo "2425"]
[PlyCount "123"]
[EventDate "1989.08.19"]
[EventType "swiss"]
[EventRounds "10"]
[EventCountry "ENG"]
[SourceTitle "BritBase"]
[Source "John Saunders"]
[SourceDate "2020.09.07"]
[SourceVersion "1"]
[SourceVersionDate "2020.09.07"]
[SourceQuality "2"]

1. d4 Nf6 2. c4 g6 3. Nc3 Bg7 4. e4 d6 5. Nf3 O-O 6. Be2 e5 7. O-O Qe7 8. d5 a5
9. Ne1 Na6 10. Nd3 Nd7 11. f3 f5 12. g4 f4 13. Kh1 Bf6 14. Bd2 Rf7 15. a3 h5
16. h3 Rh7 17. Kg2 Bh4 18. Rh1 Bg3 19. b4 Qh4 20. Qg1 Nf6 21. c5 Kg7 22. cxd6
cxd6 23. Nb5 Ne8 24. Rc1 Bd7 25. Nf2 axb4 26. axb4 Qd8 27. Na3 Nac7 28. Rc3 Qh4
29. Be1 Rh8 30. b5 Qd8 31. Nd1 Bxe1 32. Qxe1 Nf6 33. Nb2 Nce8 34. Nbc4 Ng8 35.
Qf2 Ra4 36. Nb6 Rd4 37. Nxd7 Qxd7 38. Rhc1 hxg4 39. hxg4 Kf6 40. Kg1 Qh7 41.
Qg2 Kg5 42. b6 Ngf6 43. Nb5 Rb4 44. Rc8 Nd7 45. Nc7 Ng7 46. Rxh8 Qxh8 47. Nb5
Qa8 48. Rc7 Qa1+ 49. Kh2 Rb2 50. Qf2 Qd1 51. Bxd1 Rxf2+ 52. Kg1 Rd2 53. Nc3
Nxb6 54. Rxg7 Nc4 55. Be2 Ne3 56. Kf2 Nc2 57. Nb5 Nb4 58. Ke1 Rb2 59. Nxd6 Nc2+
60. Kf1 Nd4 61. Rxb7 Rxe2 62. Rh7 1-0

[Event "Lloyds Bank Masters 13th"]
[Site "London"]
[Date "1989.08.??"]
[Round "?"]
[White "Ravikumar, Vaidyanathan"]
[Black "Jackson, Sheila"]
[Result "1-0"]
[WhiteElo "2325"]
[BlackElo "2195"]
[PlyCount "79"]
[EventDate "1989.08.19"]
[EventType "swiss"]
[EventRounds "10"]
[EventCountry "ENG"]
[SourceTitle "BritBase"]
[Source "John Saunders"]
[SourceDate "2020.09.07"]
[SourceVersion "1"]
[SourceVersionDate "2020.09.07"]
[SourceQuality "2"]

1. d4 Nf6 2. Nf3 e6 3. Bg5 Be7 4. Nbd2 d5 5. e3 b6 6. c3 O-O 7. Bd3 Ba6 8. Bb1
Nbd7 9. Qc2 g6 10. h4 h5 11. Rh3 Bb7 12. Rg3 Ng4 13. Nf1 e5 14. dxe5 Ndxe5 15.
Bf4 Nc6 16. N1h2 Bc8 17. Nxg4 hxg4 18. h5 Bf5 19. Qa4 Bd7 20. hxg6 f5 21. Nd4
Nxd4 22. Qxd4 c6 23. Qd3 Kg7 24. Bc2 Rh8 25. O-O-O Bf6 26. f3 Qe7 27. fxg4 fxg4
28. e4 Rh5 29. Re3 Qf8 30. e5 Bg5 31. Bxg5 Rxg5 32. e6 Be8 33. Rf1 Qc5 34. Rf7+
Bxf7 35. gxf7 Rh8 36. e7 Kxf7 37. Qh7+ Rxh7 38. e8=Q+ Kf6 39. Re6+ Kg7 40. Qd7+
1-0

[Event "Lloyds Bank Masters 13th"]
[Site "London"]
[Date "1989.08.??"]
[Round "?"]
[White "Regan, Natasha"]
[Black "Ivanov, Alexander"]
[Result "0-1"]
[WhiteElo "2320"]
[BlackElo "2460"]
[PlyCount "70"]
[EventDate "1989.08.19"]
[EventType "swiss"]
[EventRounds "10"]
[EventCountry "ENG"]
[SourceTitle "BritBase"]
[Source "John Saunders"]
[SourceDate "2020.09.07"]
[SourceVersion "1"]
[SourceVersionDate "2020.09.07"]
[SourceQuality "2"]

1. Nf3 g6 2. g3 Bg7 3. Bg2 e5 4. d4 e4 5. Ng5 d5 6. c3 f5 7. h4 h6 8. Nh3 Be6
9. Bf4 Nd7 10. Qa4 a6 11. Nd2 Ne7 12. f3 O-O 13. e3 Bf7 14. g4 fxg4 15. fxg4
Nf6 16. Qd1 Be6 17. g5 Nh5 18. gxh6 Nxf4 19. Nxf4 Rxf4 20. hxg7 Rf7 21. h5 Qd6
22. Nf1 Kxg7 23. Qe2 Raf8 24. hxg6 Nxg6 25. O-O-O Rf2 26. Qh5 Rxg2 27. Qh7+ Kf6
28. Nd2 Rh8 29. Rdf1+ Bf5 30. Rxf5+ Kxf5 31. Qf7+ Kg5 32. Rf1 Rf8 33. Rf5+ Kh6
34. Qxd5 Qxd5 35. Rxd5 Rff2 0-1

[Event "Lloyds Bank Masters 13th"]
[Site "London"]
[Date "1989.08.??"]
[Round "?"]
[White "Regan, Natasha"]
[Black "Popovych, Orest"]
[Result "1-0"]
[WhiteElo "2320"]
[BlackElo "2280"]
[PlyCount "77"]
[EventDate "1989.08.19"]
[EventType "swiss"]
[EventRounds "10"]
[EventCountry "ENG"]
[SourceTitle "BritBase"]
[Source "John Saunders"]
[SourceDate "2020.09.07"]
[SourceVersion "1"]
[SourceVersionDate "2020.09.07"]
[SourceQuality "2"]

1. Nf3 Nf6 2. c4 g6 3. g3 Bg7 4. Bg2 O-O 5. O-O d6 6. d4 Nc6 7. Nc3 Bg4 8. h3
Bxf3 9. Bxf3 Nd7 10. e3 e5 11. Ne2 Qf6 12. Bg4 Nb6 13. c5 dxc5 14. dxc5 Rfd8
15. Qb3 Nd5 16. e4 Ndb4 17. h4 h6 18. Nc3 a5 19. Nd5 Nxd5 20. exd5 Nb4 21. Rd1
e4 22. Be2 Qf5 23. Bc4 c6 24. d6 Qxc5 25. Bxf7+ Kh7 26. Be3 Qf5 27. Bd4 Nd3 28.
Be6 Qb5 29. Qxb5 cxb5 30. Bxg7 Kxg7 31. d7 Kf6 32. Bh3 Ke5 33. f3 Ra6 34. fxe4
Kxe4 35. Rd2 Ke3 36. Rad1 Ne5 37. Rd5 Nf3+ 38. Kg2 Rf6 39. Bg4 1-0

[Event "Lloyds Bank Masters 13th"]
[Site "London"]
[Date "1989.08.??"]
[Round "?"]
[White "Taylor, David"]
[Black "Summerscale, Aaron"]
[Result "0-1"]
[WhiteElo "2320"]
[BlackElo "2320"]
[PlyCount "42"]
[EventDate "1989.08.19"]
[EventType "swiss"]
[EventRounds "10"]
[EventCountry "ENG"]
[SourceTitle "BritBase"]
[Source "John Saunders"]
[SourceDate "2020.09.07"]
[SourceVersion "1"]
[SourceVersionDate "2020.09.07"]
[SourceQuality "2"]

1. e4 c6 2. d4 d5 3. e5 Bf5 4. Nc3 e6 5. g4 Bg6 6. Nge2 c5 7. h4 f6 8. Nf4 Bf7
9. Bb5+ Nc6 10. exf6 cxd4 11. Qxd4 gxf6 12. Qa4 Nge7 13. Bd2 a6 14. Bxc6+ Nxc6
15. Nd3 e5 16. g5 d4 17. O-O-O b5 18. Nxb5 axb5 19. Qxb5 Qd5 20. c4 Qxc4+ 21.
Qxc4 Bxc4 0-1

[Event "Lloyds Bank Masters 13th"]
[Site "London"]
[Date "1989.08.??"]
[Round "?"]
[White "Thorsteinsson, Arnar"]
[Black "Knott, Simon JB"]
[Result "0-1"]
[WhiteElo "2240"]
[BlackElo "2350"]
[PlyCount "32"]
[EventDate "1989.08.19"]
[EventType "swiss"]
[EventRounds "10"]
[EventCountry "ENG"]
[SourceTitle "BritBase"]
[Source "John Saunders"]
[SourceDate "2020.09.07"]
[SourceVersion "1"]
[SourceVersionDate "2020.09.07"]
[SourceQuality "2"]

1. e4 e6 2. d4 d5 3. Nc3 Bb4 4. Bd2 Nc6 5. Qg4 Nf6 6. Qxg7 Rg8 7. Qh6 Rg6 8.
Qh4 Rg4 9. Qh6 Rg6 10. Qh4 Rg4 11. Qh6 Bf8 12. Qh3 e5 13. Bb5 Rxe4+ 14. Nxe4
Bxh3 15. Nxf6+ Qxf6 16. Nxh3 e4 0-1

[Event "Lloyds Bank Masters 13th"]
[Site "London"]
[Date "1989.08.??"]
[Round "?"]
[White "Tozer, Richard"]
[Black "Harandi, Khosro"]
[Result "1-0"]
[WhiteElo "2235"]
[BlackElo "2430"]
[PlyCount "79"]
[EventDate "1989.08.19"]
[EventType "swiss"]
[EventRounds "10"]
[EventCountry "ENG"]
[SourceTitle "BritBase"]
[Source "John Saunders"]
[SourceDate "2020.09.07"]
[SourceVersion "1"]
[SourceVersionDate "2020.09.07"]
[SourceQuality "2"]

1. d4 Nf6 2. c4 e6 3. Nc3 Bb4 4. Qc2 d5 5. cxd5 exd5 6. Bg5 c6 7. a3 Be7 8. e3
Nbd7 9. Nf3 Nf8 10. Bd3 Be6 11. O-O Ng6 12. b4 O-O 13. Na4 Nd7 14. Bxe7 Qxe7
15. Rab1 Bg4 16. Ne1 Nf6 17. h3 Bc8 18. Qc5 Qd8 19. Nf3 Ne4 20. Bxe4 dxe4 21.
Nd2 Qh4 22. Qd6 Rd8 23. Qh2 Qe7 24. Nc3 f5 25. Nc4 f4 26. exf4 Rxd4 27. Ne3 Rd3
28. Rbc1 Nh4 29. Rfe1 Bd7 30. Qg3 Rf8 31. Ned5 Qd8 32. Ne7+ Qxe7 33. Qxd3 Rxf4
34. Nxe4 Bf5 35. Qd6 Qxd6 36. Nxd6 h6 37. Nxb7 Kh7 38. Rxc6 Rd4 39. Nc5 Rc4 40.
Rc7 1-0

[Event "Lloyds Bank Masters 13th"]
[Site "London"]
[Date "1989.08.??"]
[Round "?"]
[White "Turner, Matthew"]
[Black "Martin, Andrew D"]
[Result "0-1"]
[WhiteElo "2320"]
[BlackElo "2425"]
[PlyCount "56"]
[EventDate "1989.08.19"]
[EventType "swiss"]
[EventRounds "10"]
[EventCountry "ENG"]
[SourceTitle "BritBase"]
[Source "John Saunders"]
[SourceDate "2020.09.07"]
[SourceVersion "1"]
[SourceVersionDate "2020.09.07"]
[SourceQuality "2"]

1. e4 e5 2. Nf3 Nc6 3. Bb5 a6 4. Bxc6 dxc6 5. O-O Bd6 6. d4 exd4 7. Qxd4 f6 8.
Be3 Be6 9. c4 c5 10. Qc3 Ne7 11. Nbd2 O-O 12. Rfd1 Qe8 13. a3 Nc6 14. Rab1 a5
15. h3 b6 16. Kf1 Rd8 17. b3 h6 18. Nh4 a4 19. b4 Qh5 20. Ndf3 cxb4 21. axb4
Bxb4 22. Qc2 Rxd1+ 23. Rxd1 a3 24. Nf5 Qf7 25. c5 Bb3 26. Qc1 Bxd1 27. Bxh6 Bb3
28. Qa1 Rd8 0-1

[Event "Lloyds Bank Masters 13th"]
[Site "London"]
[Date "1989.08.??"]
[Round "?"]
[White "Webster, Andrew"]
[Black "Arkell, Keith C"]
[Result "1-0"]
[WhiteElo "2235"]
[BlackElo "2450"]
[PlyCount "169"]
[EventDate "1989.08.19"]
[EventType "swiss"]
[EventRounds "10"]
[EventCountry "ENG"]
[SourceTitle "BritBase"]
[Source "John Saunders"]
[SourceDate "2020.09.07"]
[SourceVersion "1"]
[SourceVersionDate "2020.09.07"]
[SourceQuality "2"]

1. c4 b6 2. Nf3 Bb7 3. g3 c5 4. Bg2 Nf6 5. O-O e6 6. b3 Be7 7. Bb2 d6 8. Nc3
O-O 9. e3 Nbd7 10. Qe2 Qc7 11. Rac1 a6 12. d4 Ne4 13. Nxe4 Bxe4 14. Nd2 Bxg2
15. Kxg2 b5 16. dxc5 Qb7+ 17. Qf3 Qxf3+ 18. Nxf3 Nxc5 19. Rfd1 Rfb8 20. Bd4 Ne4
21. Nd2 Nxd2 22. Rxd2 bxc4 23. Rxc4 d5 24. Rc3 a5 25. Rdc2 h5 26. Be5 Re8 27.
Rc7 a4 28. Rb7 axb3 29. axb3 f6 30. Bd4 e5 31. Ba7 Bd6 32. Rc6 Re7 33. Rxe7
Bxe7 34. Rc7 Bf8 35. Kf3 Kh7 36. Bc5 e4+ 37. Ke2 Ra2+ 38. Ke1 Rc2 39. b4 Kg6
40. Kd1 Rc4 41. Rc8 Bd6 42. Rc6 Bxc5 43. bxc5 Kf5 44. h3 Ke5 45. Rc7 g6 46. c6
g5 47. Rc8 Kd6 48. Rd8+ Ke6 49. Rc8 Kd6 50. Rd8+ Ke7 51. Rc8 h4 52. gxh4 gxh4
53. c7 f5 54. Ke2 Rc2+ 55. Kd1 Rc6 56. Ke2 Rc4 57. Ke1 d4 58. exd4 f4 59. Rh8
Rxc7 60. Rxh4 Ke6 61. Rxf4 Kd5 62. f3 Rc3 63. Kf2 Rc2+ 64. Kg3 e3 65. Re4 Re2
66. Kf4 Rh2 67. Kxe3 Rxh3 68. Re5+ Kd6 69. Ke4 Rh1 70. f4 Re1+ 71. Kf5 Rd1 72.
Kf6 Rxd4 73. f5 Rd2 74. Re1 Kd7 75. Kf7 Rd3 76. f6 Rd2 77. Kf8 Rd3 78. f7 Rg3
79. Rd1+ Kc6 80. Rd4 Rg1 81. Rh4 Kd7 82. Rh8 Rf1 83. Rg8 Ke6 84. Rg6+ Kd7 85.
Kg8 1-0

[Event "Lloyds Bank Masters 13th"]
[Site "London"]
[Date "1989.08.??"]
[Round "?"]
[White "Webster, Andrew"]
[Black "Basman, Michael J"]
[Result "1-0"]
[WhiteElo "2235"]
[BlackElo "2385"]
[PlyCount "91"]
[EventDate "1989.08.19"]
[EventType "swiss"]
[EventRounds "10"]
[EventCountry "ENG"]
[SourceTitle "BritBase"]
[Source "John Saunders"]
[SourceDate "2020.09.07"]
[SourceVersion "1"]
[SourceVersionDate "2020.09.07"]
[SourceQuality "2"]

1. Nf3 h6 2. b3 b6 3. Bb2 Bb7 4. c4 e6 5. e3 Nf6 6. Be2 Rg8 7. Nc3 g5 8. Rg1 g4
9. Nd4 h5 10. f4 c5 11. Nc2 Nc6 12. d3 a6 13. Qd2 Be7 14. d4 cxd4 15. exd4 d5
16. O-O-O Na5 17. Rge1 Qc7 18. c5 bxc5 19. dxc5 Bxc5 20. g3 Nc6 21. Nb5 axb5
22. Bxf6 Qa5 23. Qd3 Rg6 24. Bb2 O-O-O 25. Qxb5 Qa7 26. Rd3 d4 27. b4 Bb6 28.
Ra3 Rd5 29. Rxa7 Bxa7 30. Qc4 Kb8 31. Rd1 Rg8 32. Qd3 Rc8 33. Kb1 f5 34. a3 Rd6
35. Qb3 Ne7 36. Bxd4 Bxd4 37. Rxd4 Nd5 38. Kb2 Rb6 39. Ne3 Nf6 40. b5 Ne4 41.
a4 Nc5 42. Qb4 Be4 43. Nc4 Rb7 44. Nd6 Na6 45. bxa6 Rc2+ 46. Kb3 1-0

[Event "Lloyds Bank Masters 13th"]
[Site "London"]
[Date "1989.08.??"]
[Round "?"]
[White "Wood, David A"]
[Black "Arkell, Keith C"]
[Result "0-1"]
[WhiteElo "2245"]
[BlackElo "2450"]
[PlyCount "49"]
[EventDate "1989.08.19"]
[EventType "swiss"]
[EventRounds "10"]
[EventCountry "ENG"]
[SourceTitle "BritBase"]
[Source "John Saunders"]
[SourceDate "2020.09.07"]
[SourceVersion "1"]
[SourceVersionDate "2020.09.07"]
[SourceQuality "2"]

1. e4 c6 2. d4 d5 3. Nc3 g6 4. Nf3 Bg7 5. h3 Nf6 6. e5 Ne4 7. Bd3 Nxc3 8. bxc3
c5 9. dxc5 Nc6 10. Bb5 Qa5 11. Bxc6+ bxc6 12. Qd4 Ba6 13. Qb4 Qc7 14. Qd4 Rb8
15. Bf4 Rb2 16. Kd2 O-O 17. Qa4 Bc4 18. Rhb1 Rxb1 19. Rxb1 f6 20. Nd4 fxe5 21.
Ne6 Qc8 22. Nxf8 exf4 23. Nxg6 hxg6 24. Qxa7 Qe6 25. Re1 0-1

[Event "Lloyds Bank Masters 13th"]
[Site "London"]
[Date "1989.08.19"]
[Round "1"]
[White "Azmaiparashvili, Zurab"]
[Black "Emms, John M"]
[Result "1-0"]
[WhiteElo "2575"]
[BlackElo "2300"]
[PlyCount "59"]
[EventDate "1989.08.19"]
[EventType "swiss"]
[EventRounds "10"]
[EventCountry "ENG"]
[SourceTitle "BritBase"]
[Source "John Saunders"]
[SourceDate "2020.09.07"]
[SourceVersion "1"]
[SourceVersionDate "2020.09.07"]
[SourceQuality "2"]

1. c4 e6 2. Nc3 b6 3. e4 Bb7 4. d4 Bb4 5. d5 Qh4 6. Bd3 f5 7. Nf3 Qh5 8. Be2
Nf6 9. O-O Bxc3 10. e5 Bxe5 11. Nxe5 Qh4 12. g3 Qh3 13. Bf3 d6 14. Qa4+ Kf8 15.
Bg2 Qh5 16. Nf7 Qxf7 17. dxe6 Bxg2 18. exf7 Bxf1 19. Kxf1 Kxf7 20. c5 dxc5 21.
Bf4 c6 22. Rd1 Re8 23. Qb3+ Kg6 24. Rd6 Nbd7 25. g4 Re4 26. Qf3 Ne5 27. Bxe5
Rxe5 28. g5 Kxg5 29. Qg3+ Ng4 30. f4+ 1-0

[Event "Lloyds Bank Masters 13th"]
[Site "London"]
[Date "1989.08.19"]
[Round "1"]
[White "Barua, Dibyendu"]
[Black "Hempson, Peter W"]
[Result "1-0"]
[WhiteElo "2470"]
[BlackElo "2280"]
[PlyCount "43"]
[EventDate "1989.08.19"]
[EventType "swiss"]
[EventRounds "10"]
[EventCountry "ENG"]
[SourceTitle "BritBase"]
[Source "John Saunders"]
[SourceDate "2020.09.07"]
[SourceVersion "1"]
[SourceVersionDate "2020.09.07"]
[SourceQuality "2"]

1. e4 e6 2. d4 d5 3. Nd2 dxe4 4. Nxe4 Be7 5. Nf3 Nd7 6. Bd3 Ngf6 7. O-O O-O 8.
c3 b6 9. Ng3 Bb7 10. Qe2 Re8 11. Ne5 Nf8 12. Bb5 Qd5 13. f3 c6 14. Bc4 Qd6 15.
Ne4 Nxe4 16. fxe4 f6 17. Qg4 fxe5 18. Bh6 Ng6 19. Bxe6+ Kh8 20. Bxg7+ Kxg7 21.
Rf7+ Kh8 22. Qh5 1-0

[Event "Lloyds Bank Masters 13th"]
[Site "London"]
[Date "1989.08.19"]
[Round "1"]
[White "Lev, Ronen"]
[Black "Kekki, Jorma J"]
[Result "1-0"]
[WhiteElo "2415"]
[BlackElo "2260"]
[PlyCount "29"]
[EventDate "1989.08.19"]
[EventType "swiss"]
[EventRounds "10"]
[EventCountry "ENG"]
[SourceTitle "BritBase"]
[Source "John Saunders"]
[SourceDate "2020.09.07"]
[SourceVersion "1"]
[SourceVersionDate "2020.09.07"]
[SourceQuality "2"]

1. d4 e6 2. c4 d5 3. Nc3 Be7 4. Qc2 dxc4 5. Nf3 c5 6. dxc5 Qc7 7. e4 Bxc5 8.
Bxc4 Bxf2+ 9. Qxf2 Qxc4 10. Ne5 Qc7 11. Bf4 Qb6 12. Qg3 g6 13. Nc4 Qc5 14. Nd6+
Kf8 15. Ndb5 1-0

[Event "Lloyds Bank Masters 13th"]
[Site "London"]
[Date "1989.08.19"]
[Round "1"]
[White "Rogers, Ian"]
[Black "Carton, Niall"]
[Result "1-0"]
[WhiteElo "2470"]
[BlackElo "2275"]
[PlyCount "45"]
[EventDate "1989.08.19"]
[EventType "swiss"]
[EventRounds "10"]
[EventCountry "ENG"]
[SourceTitle "BritBase"]
[Source "John Saunders"]
[SourceDate "2020.09.07"]
[SourceVersion "1"]
[SourceVersionDate "2020.09.07"]
[SourceQuality "2"]

1. c4 Nf6 2. Nc3 e5 3. g3 g6 4. Bg2 Bg7 5. e4 d6 6. Nge2 Nc6 7. d3 O-O 8. O-O
Nh5 9. f4 f5 10. Be3 Be6 11. Nd5 Qd7 12. Qd2 Rae8 13. Rae1 Nf6 14. Kh1 Rf7 15.
b3 fxe4 16. dxe4 Bh3 17. Nxf6+ Rxf6 18. Nc3 exf4 19. gxf4 Bxg2+ 20. Qxg2 Rfe6
21. Bd2 Nd4 22. Rd1 b5 23. f5 1-0